000 00854nam a22002655a 4500
005 20201128021507.0
008 150817s2014 ii a fr 001 0 eng d
020 _a9788122435900
040 _aEG-ScBUE
_beng
_cEG-ScBUE
082 0 4 _a658.8
_bDAS
_222
100 1 _aDas, Biswajit.
_938357
245 1 0 _aTransnational marketing strategy /
_cBiswajit Das, Ipseeta Satpathy, Sanjay Sharan.
250 _a1st ed.
260 _aNew Delhi :
_bNew Age International Publishers,
_c2014.
300 _axx, 270 p :
_bill. ;
_c25 cm.
500 _aIndex : p. 264-270.
650 0 _aMarketing
_xManagement.
_2BUEsh
650 7 _aInternational business enterprises.
_2BUEsh
_91592
650 0 _aExport marketing.
_2BUEsh
651 _2BUEsh
653 _bBUSADM
_cAugust2015
700 1 _aSatpathy, Ipseeta
700 1 _aSharan, Sanjay
942 _2ddc
_k658.8 DAS
999 _c20539
_d20511